Missing Vowels-Companies - Statistics

General Stats
  • This quiz has been taken 34 times
  • The average score is 10 of 15
Answer Stats
Hint Answer % Correct
LS VTTN Louis Vuitton
93%
CHNL Chanel
89%
GNNSS Guinness
89%
RY BN Ray Ban
89%
NK Nokia
82%
FRRR Ferrari
79%
LPHBT Alphabet
75%
TYT Toyota
71%
YTB Youtube
64%
TBLRN Toblerone
61%
TSC Tesco
43%
MTWN Motown
39%
MT Meta
32%
TM Temu
32%
D Audi
14%
No matching quizzes found
Score Distribution
Percent of People with Each Score
Percentile by Number Answered
Your Score History
You have not taken this quiz